000 01350nam a22003017a 4500
999 _c3743
_d3743
003 OSt
005 20241009085334.0
008 241009b ||||| |||| 00| 0 eng d
020 _a9789675492785
040 _cKH8
082 _a330.076 WON
100 _aWong, Wai Leong,
_eauthor.
245 _aCambridge International AS & A Level Economics:
_bModel Essays /
_cWong Wai Leong with Ngew Shook Ying and Nedumaran Munusamy.
250 _aSecond Edition
260 _aMalaysia ;
_bScola Books ,
_c2023.
300 _aviii, 303 pages :
_bcolor illustrations ;
_c26 cm.
520 _aThe second edition of the best-selling revision guide that helps students gain a strong grade in the essay component of the 2023-2025 Cambridge International AS & A Level Economics (9708) examination paper. With over 50 new model essays, the book provides a clear essay structure for each essay, tips, and conceptual diagrams.
650 _aEconomics
_vExaminations, questions, etc.
650 _aPricing
_vExaminations, questions, etc.
650 _aMicroeconomics
_vExaminations, questions, etc.
650 _aMacroeconomincs
_vExaminations, questions, etc.
650 _aEssays
700 _aNgew, Shook Ying,
_eauthor.
700 _aNedumaran Munusamy,
_eauthor.
700 _aHani Hazman,
_eeditor.
700 _aGoh, Rachel,
_edesigner.
942 _2ddc
_cTR